000 00574nam a2200181 i 4500
001 123722
003 ES-MaACL
005 20250716063301.0
007 t|
008 070214s1971 sp |||| | spa d
100 0 _aRamón Llull,
_cBeato,
_dca. 1232-1316?
_995219
245 1 0 _aArbre exemplifical /
_cRamón Llull ; próleg i adaptació per Francesc de B. Moll.
260 _aPalma de Mallorca :
_bMoll,
_c1971.
300 _a173 p. ;
_c15 cm.
700 1 _aMoll, Francesc de B. (
_d1903-1991)
_982033
852 _aES-MaACL
_jC-42132
999 _c123722
_d123722